| 000 | 00800nam a2200241Ia 4500 | ||
|---|---|---|---|
| 003 | OSt | ||
| 005 | 20220918110806.0 | ||
| 006 | a|||||r|||| 00| 0 | ||
| 007 | ta | ||
| 008 | 220915b |||||||| |||| 00| 0 hin d | ||
| 024 | _a208830 | ||
| 037 | _cReference Collections | ||
| 040 |
_aARTS _cARTS _bhin |
||
| 041 |
_2hin _ahin |
||
| 082 | _aP1525:4k, M0;M1(RR) | ||
| 100 |
_aकौशिक, जयनारायण _91722 |
||
| 245 | 0 | _aहरयाणवी प्रत्यय कोश | |
| 246 | _aHarayāṇavī pratyaya kosha | ||
| 260 |
_aदिल्ली _bराजेश प्रकाशन _c1980 |
||
| 300 | _a54पृ0 | ||
| 942 |
_hP1525:4k, M0;M1(RR) _cREF |
||
| 999 |
_c114781 _d114781 |
||